| 000 | 01263cam a2200229 4500 | ||
|---|---|---|---|
| 001 | ABS62992 | ||
| 008 | 000000n2000 000 0 eng u | ||
| 035 | _a(Sirsi) u108916 | ||
| 245 | _aHillingdon LBC v ARC Limited | ||
| 260 | _c2000 | ||
| 490 |
_aRating and Valuation Reporter _v40(9) [2000] RVR 283-292(10) |
||
| 520 | _aCA 16 June 2000. ARC Limited (A) claimed compensation following the compulsory acquisition by the council (C) of land occupied by them. A submitted its original claim in April 1982, but no reference to the LT was made until September 1995. C took the point that the proceedings were statute barred as a result of the Limitation Act 1980 s9. In April 1999 a judge held that C was precluded by convention estoppel from relying on the limitation point. C appealed. Appeal allowed on the grounds that there was no estoppel preventing C from relying on the limitation defence. | ||
| 590 | _aABS | ||
| 650 |
_aCompulsory purchase _96228 |
||
| 650 | _aCOMPENSATION | ||
| 650 | _aLIMITATION PERIOD | ||
| 650 | _aLIMITATION ACT 1980 S9 | ||
| 650 | _aESTOPPEL | ||
| 650 | _aHILLINGDON LBC V ABC LIMITED | ||
| 690 | _aENVIRONMENTAL AND LAND CONSULTANCY-PLANNING AND DEVELOPMENT-COMPULSORY PURCHASE AND COMPENSATION | ||
| 942 | _n0 | ||
| 999 |
_c65025 _d65025 |
||